| 000 | 01395nam a2200349 c 4500 | ||
|---|---|---|---|
| 003 | BLK | ||
| 005 | 20241206005450.0 | ||
| 008 | 180407b bul|||||r ||||||| ||bul|| | ||
| 010 | _aKNG00035159000 | ||
| 020 |
_a954-439-596-2 _bиздат.: Слово |
||
| 040 | _aBLK | ||
| 041 |
_aBUL _cBUL |
||
| 080 |
_aБългарска литература _b821.163.2 _x-1 _z821.163.2-1 |
||
| 100 |
_aБагряна, Елисавета _d1893-1991 _qБелчева, Елисавета Любомирова _9364149 |
||
| 700 | 1 |
_aСтефанов, Валери Стоилов _eпредг. и състав. _9366828 |
|
| 139 |
_aБагряна, Елисавета _bБ 13 |
||
| 245 | 1 | 0 |
_aПоезия _cЕлисавета Багряна; предг. и състав. Валери Стоилов Стефанов. |
| 250 | _a2. изд. | ||
| 257 | _aBGR | ||
| 260 |
_аВ. Търново _bСлово _c1999 _fВ. Търново : Абагар |
||
| 300 |
_a124 с. _c20 см |
||
| 380 | _aX | ||
| 490 | 1 | _aМалка ученическа библиотека | |
| 500 | _aОфс. изд. - Доп тир. 2001, 2004. | ||
| 653 | _aстихотворения | ||
| 852 | _aЦб 207421 | ||
| 856 | 4 |
_qpdf _u |
|
| 856 | 4 |
_qpdf _u |
|
| 942 |
_cKNG _n0 _033 |
||
| 944 |
_aCR _c15.01.2003 _lCRON CRON _k |
||
| 944 |
_aED _c15.02.2018 _lф / _kКети_Илиева |
||
| 999 |
_c32488 _d32488 |
||